000
00233nam a22001097a 4500
999
_c
166334
_d
166334
082
_a
_b
100
_a
Viraj M M
245
_a
Hindi nibandh lekhan/
_c
by Viraj M M.
260
_a
New Delhi:
_b
Rajpal,
_c
650
_a
942
_c
BK